000 00731nam a22002177a 4500
003 UA-OsUOA
001 74253
007 ta
008 20110331b un ||||| |||| 00| 0 ukr d
100 _aМихайлов А.
090 _a330
_bМ69
942 _cSA
040 _aUA-OsUOA
_brus
_cUA-OsUOA
_dUA-OsUOA
245 _aВлияние услажнения экономического пространства на появление новых тенденций в развитии мировой экономики
300 _aС.5-13
955 _a0
041 _arus
080 _a330
773 0 _w74252
_tМеждународная экономика
_dМ.
_d2011
_g1
650 7 _a330 Економіка взагалі
_2UDC
999 _c360543
_d360543